Conquista espiritual del Nuevo Santander
Guardat en:
| Autor principal: | |
|---|---|
| Format: | Llibre |
| Idioma: | espanyol |
| Publicat: |
Madrid
Instituto Santo Toribio de Mogroviejo
1947
|
| Col·lecció: | Missionalia Hispánica, 4
|
| Matèries: | |
| Etiquetes: |
Afegir etiqueta
Sense etiquetes, Sigues el primer a etiquetar aquest registre!
|
MARC
| LEADER | 00000nam a2200000 a 4500 | ||
|---|---|---|---|
| 001 | UCP4656 | ||
| 003 | CL-VaPUC | ||
| 008 | 990806e19470000SP |||||||||||||||||spa|d | ||
| 082 | 0 | 4 | |a 266.023 |b LEJ |2 21 |
| 100 | 0 | |a Lejarza, Fidel de |e author |9 432306 | |
| 245 | 1 | 0 | |a Conquista espiritual del Nuevo Santander |
| 300 | |a p. irreg | ||
| 942 | |c BK | ||
| 945 | |d 19990806 00:00:00 |a crobeson | ||
| 260 | |a Madrid |b Instituto Santo Toribio de Mogroviejo |c 1947 | ||
| 600 | 0 | 7 | |a ESCANDON, JOSE DE |2 CL-VaPUC |9 432307 |
| 600 | 0 | 7 | |a JOSE JOAQUIN, GARCIA DEL SANTISIMO ROSARIO |2 CL-VaPUC |9 432308 |
| 600 | 0 | 7 | |a HIERRO, SIMON DEL |2 CL-VaPUC |9 432309 |
| 650 | 7 | |a MISIONES RELIGIOSAS |2 CL-VaPUC |9 393449 | |
| 650 | 7 | |a EVANGELIZACION |2 CL-VaPUC |9 432310 | |
| 650 | 7 | |a HISTORIA ECLESIASTICA |2 CL-VaPUC |9 432311 | |
| 650 | 7 | |a INDIOS |2 CL-VaPUC |9 258588 | |
| 650 | 7 | |a REAL CEDULA |2 CL-VaPUC |9 432312 | |
| 651 | 0 | |a México |9 255269 | |
| 583 | |a last modification |c 19990806 00:00:00 |k Rodrigo Vera | ||
| 490 | 0 | |a Missionalia Hispánica, 4 | |
| 999 | |c 282562 |d 282560 | ||
| 952 | |0 0 |1 0 |4 0 |6 266_023000000000000_LEJ_1947 |7 0 |8 X |9 324415 |a BIBHIS |b BIBHIS |d 2019-11-20 |i 1355430 |o 266.023 LEJ 1947 |p 1355430 |r 2024-01-30 |w 2019-11-20 |y BK_X |k HIS | ||